000 00284nam a22001337a 4500
008 170908b xxu||||| |||| 00| 0 eng d
020 _a9780792255697
041 _aeng
080 _a91
100 _a42
101 _aGJEO
245 _aHOW THINGS WORK
_cLANGONE,J
942 _2udc
_cBK
999 _c26904
_d26904